Central Library OPAC University of Rajshahi

The ecology of fishes / (Record no. 65869)

MARC details
000 -LEADER
fixed length control field 00745nam a2200241 a 4500
001 - CONTROL NUMBER
control field 65869
003 - CONTROL NUMBER IDENTIFIER
rucl marc code BD-RjUL
005 - DATE AND TIME OF LATEST TRANSACTION
control field 20211209081456.0
008 - FIXED-LENGTH DATA ELEMENTS--GENERAL INFORMATION
fixed length control field 170313m19681963enka b 001 0 eng
035 ## - SYSTEM CONTROL NUMBER
System control number (BD-RjUL)65999
040 ## - CATALOGING SOURCE
Original cataloging agency DLC
Transcribing agency DLC
Modifying agency BD-RjUL
Language of cataloging eng
041 1# - LANGUAGE CODE
Language code of text/sound track or separate title engrus
082 00 - DEWEY DECIMAL CLASSIFICATION NUMBER
Classification number 597
Edition number 23
Author mark and year NIE 1963
100 1# - MAIN ENTRY--PERSONAL NAME
Personal name Nikolʹskiĭ, G. V.
Fuller form of name (Georgiĭ Vasilʹevich),
Dates associated with a name 1910-1977.
9 (RLIN) 194783
245 14 - TITLE STATEMENT
Title The ecology of fishes /
Statement of responsibility, etc. G V Nikolsky
260 ## - PUBLICATION, DISTRIBUTION, ETC. (IMPRINT)
Place of publication, distribution, etc. London :
-- New York,
Name of publisher, distributor, etc. Academic Press,
Date of publication, distribution, etc. 1963 [printing 1968]
300 ## - PHYSICAL DESCRIPTION
Pagination 352 p. :
Illustrations ill. ;
Size 24 cm.
504 ## - BIBLIOGRAPHY, ETC. NOTE
Bibliography, etc Includes bibliography and index
650 #0 - SUBJECT ADDED ENTRY--TOPICAL TERM
Topical term or geographic name as entry element Fishes
General subdivision Ecology.
9 (RLIN) 194784
Topical term or geographic name as entry element Animal ecology.
9 (RLIN) 194785
942 ## - ADDED ENTRY ELEMENTS (KOHA)
Source of classification or shelving scheme Dewey Decimal Classification
Koha item type Books
Holdings
Lost status Source of classification or shelving scheme Damaged status Not for loan Collection code Permanent Location Current Location Shelving location Date acquired Source of acquisition Cost, normal purchase price Total Checkouts Full call number Date last seen Copy number Koha item type
  Dewey Decimal Classification   Not For Loan Non-fiction Central Library, University of Rajshahi Central Library, University of Rajshahi Reading Room 06/10/1970 Sweit & zeitlinger 75.00   597 NIE 1963 13/03/2017 C-1 Books